000 01108cam a2200241 4500
001 WB3710-20
008 000000n2001 000 0 eng u
035 _a(Sirsi) u111323
245 _aHouse calls
260 _c2001
490 _aGuardian
_v8 March 2001, 25(2)
520 _aConsiders the latest forecast by Cambridge University researcher Alan Holmans, on the number of new affordable homes that will be needed for rent, particularly in London and the south-east, over the next 15 years. His forecast, published by not-for-profit housing associations and the Town and Country Planning Association, predicts that 230,000 new homes or conversions will be needed each year across England until 2016. Graph. To obtain a copy of "Housing demand and need in England 1996-2016" tel: 0207 9308903.
590 _aWB
650 _aHOUSING
650 _aSOUTH EAST ENGLAND
650 _aRENTAL ACCOMMODATION
650 _aFORECASTS
650 _aTOWN AND COUNTRY PLANNING ASSOCIATION
650 _aAffordable housing
_96215
650 _aNEW HOMES
690 _aHOUSING-DEVELOPMENT
942 _n0
999 _c66338
_d66338